Rooming house
Uloženo v:
| Hlavní autor: | |
|---|---|
| Médium: | Kniha |
| Jazyk: | angličtina |
| Vydáno: |
Nueva York
Pyramid Books
1945
|
| Edice: | Pyramid, G466
|
| Témata: | |
| Tagy: |
Přidat tag
Žádné tagy, Buďte první, kdo vytvoří štítek k tomuto záznamu!
|
MARC
| LEADER | 00000nam a2200000 a 4500 | ||
|---|---|---|---|
| 001 | UCZ8394 | ||
| 003 | CL-VaPUC | ||
| 008 | 960121e19450000US |||||||||||||||||eng|d | ||
| 082 | 0 | 4 | |a 813 |b ROU |2 21 |
| 100 | 0 | |a Roueche, Berton |e author |9 353681 | |
| 245 | 1 | 0 | |a Rooming house |
| 300 | |a 156 p | ||
| 942 | |c BK | ||
| 945 | |d 19960121 00:00:00 |a cmena | ||
| 260 | |a Nueva York |b Pyramid Books |c 1945 | ||
| 650 | 0 | |a Literatura estadounidense |9 317168 | |
| 650 | 0 | |a Novelas estadounidenses |9 265217 | |
| 583 | |a last modification |c 19960121 00:00:00 |k Rodrigo Vera | ||
| 490 | 0 | |a Pyramid, G466 | |
| 999 | |c 244313 |d 244311 | ||
| 952 | |0 0 |1 0 |4 0 |6 813_000000000000000_ROU_1945 |7 0 |8 P |9 258324 |a BIBEDU |b BIBEDU |c BIBEDU_PB |d 2019-11-19 |i 1618458 |o 813 ROU 1945 |p 1618458 |r 2024-01-25 |w 2019-11-19 |y BK |k FIL | ||